Normal view
MARC view
- دمشق- تاريخ، سوريا- تاريخ، المزة- تاريخ
Entry Topical Term
001 - CONTROL NUMBER
- control field: 14520
003 - CONTROL NUMBER IDENTIFIER
- control field: JO-AjAnu
005 - DATE AND TIME OF LATEST TRANSACTION
- control field: 20230606072623.0
008 - FIXED-LENGTH DATA ELEMENTS
- fixed length control field: 230606|| aca||aabn | a|a d
040 ## - CATALOGING SOURCE
- Original cataloging agency: JO-AjAnu
- Transcribing agency: JO-AjAnu
150 ## - HEADING--TOPICAL TERM
- Topical term or geographic name entry element: دمشق- تاريخ، سوريا- تاريخ، المزة- تاريخ
670 ## - SOURCE DATA FOUND
- Source citation: Work cat.: (JO-AjAnu)7459: ابن طولون، سمش الدين محمد بن علي؛ تحقيق حمادة، محمد عمر؛ تقديم سلطاني، علي , author 14519, تاريخ المزة وآثارها وفيه المعزة فيما قيل في المزة